000 00443nam a2200157Ia 4500
003 LK-CoDNM
008 010623t1913 xxu||||| |||| 00| 1 sin d
040 _aLK-CoDNM
_dLK-CoDNM
_eLK-CoDNM
041 _asin
080 _a104 E.2
245 _aසිංහල තරුණයා සඟරාව
246 _aThe Sinhalese young man magazine Vol. 2 / viii
260 _bSinhala taruna samitiya
_c1913
300 _b14p., 25 cm
942 _cBK
999 _c87905
_d87905